Finnish Click: Astronomy - Statistics

General Stats
  • This quiz has been taken 39 times
  • The average score is 23 of 33
Answer Stats
Hint Answer % Correct
Ceres Ceres
86%
Jupiter Jupiter
86%
Mars Mars
86%
Neptune Neptunus
86%
Pluto Pluto
86%
Sirius A Sirius A
86%
Uranus Uranus
86%
Mercury Merkurius
83%
Satellite Satelliitti
83%
Su Tart Su Tart
83%
Venus Venus
83%
Voyager 1 Voyager 1
83%
Voyager 2 Voyager 2
83%
Saturn Saturnus
80%
Asteroid Belt Asteroidi vyöhyke
77%
Makemake Makemake
77%
Andromeda Andromeda
74%
Galaxy Cluster Galaxy-klusteri
74%
Omniverse Omniverse
74%
Galaxy Galaxy
71%
Space Space
71%
Observable Universe Havaittava universumi
69%
Multiverse Multiverse
69%
The Sun Aurinko
60%
Luna (The Moon) Kuu
60%
Black Hole Musta aukko
60%
Solar System Aurinkokunta
54%
Astronomical Unit (AU) Tähtitieteellinen yksikkö
54%
Earth Maapallo
51%
Nebula Tähtisumu
46%
Light Year Valovuosi
46%
Milky Way Linnunrata
40%
Keptler Belt Suojavyö
40%
No matching quizzes found
Score Distribution
Percent of People with Each Score
Percentile by Number Answered
Your Score History
You have not taken this quiz